Daphne: (Record no. 105619)
[ view plain ]
| 000 -LEADER | |
|---|---|
| fixed length control field | 00418nam a2200157 a 4500 |
| 005 - DATE AND TIME OF LATEST TRANSACTION | |
| control field | 20160405141058.0 |
| 008 - FIXED-LENGTH DATA ELEMENTS--GENERAL INFORMATION | |
| fixed length control field | 070706s19uu xx 00 eng d |
| 020 ## - INTERNATIONAL STANDARD BOOK NUMBER | |
| International Standard Book Number | 0-7239-0130-9 |
| 050 ## - LIBRARY OF CONGRESS CALL NUMBER | |
| Classification number | ER |
| Item number | Da11 1995 |
| 100 ## - MAIN ENTRY--PERSONAL NAME | |
| Personal name | Barber, Shirley |
| 245 ## - TITLE STATEMENT | |
| Title | Daphne: |
| Remainder of title | the forgetful duck/ |
| Statement of responsibility, etc | Shirley Barber. |
| 260 ## - PUBLICATION, DISTRIBUTION, ETC. (IMPRINT) | |
| Place of publication, distribution, etc | England: |
| Name of publisher, distributor, etc | Kibort Books, |
| Date of publication, distribution, etc | 1995. |
| 650 ## - SUBJECT ADDED ENTRY--TOPICAL TERM | |
| Source of heading or term | Rabits- |
| General subdivision | Fiction. |
| 942 ## - ADDED ENTRY ELEMENTS (KOHA) | |
| Source of classification or shelving scheme | Dewey Decimal Classification |
| Withdrawn status | Lost status | Source of classification or shelving scheme | Damaged status | Home library | Current library | Shelving location | Date acquired | Source of acquisition | Total Checkouts | Full call number | Barcode | Date last seen | Price effective from | Koha item type |
|---|---|---|---|---|---|---|---|---|---|---|---|---|---|---|
| Dewey Decimal Classification | Elizalde Library | Elizalde Library | Easy Reading Section | 07/06/2007 | Donation | ER Da11 1995 | E10453 | 04/12/2014 | 04/12/2014 | Books |